[Event "IIFL Wealth  4th Mumbai Junior U-13"]
[Site "Mumbai"]
[Date "2019.01.05"]
[Round "7"]
[White "Gukesh D"]
[Black "Manish Kumar (2006)"]
[Result "1-0"]
[WhiteElo "2466"]
[BlackElo "1848"]
[Annotator "TA"]
[PlyCount "83"]
[EventDate "2018.12.30"]
[EventType "swiss"]
[EventCountry "IND"]
[SourceTitle "playchess.com"]
[Source "ChessBase"]
[SourceQuality "1"]

{[%evp 19,83,46,53,28,54,36,37,0,24,18,31,1,32,23,33,23,18,-13,66,68,75,75,75,89,78,92,89,85,91,81,82,81,106,90,48,51,50,55,50,9,15,15,20,10,20,20,29,13,28,23,39,22,288,281,400,387,334,404,395,395,380,350,6311,6207,29975,29976]} 1. Nf3 Nf6 2. g3 g6 3. b3 Bg7 4. Bb2 O-O 5. Bg2 d6 6. d4 c5 7. c4 cxd4 8. Nxd4 Nbd7 9. O-O Rb8 10. Nc3 Nc5 {LiveBook: 7 Games} 11. e3 {E65: King's Indian: Fianchetto: 6...c5 7 0-0 without d5 by White} (11. Qd2 Bd7 12. Rad1 a6 13. Rfe1 Qc7 14. e4 b5 15. b4 Na4 16. Nxa4 bxa4 17. a3 Rfd8 18. Rc1 e5 {1-0 (45) Xu,X (2574)-Wang,C (2495) Xinghua 2018}) 11... Bd7 $146 ({Predecessor:} 11... Ne6 12. Nce2 Qd7 13. Qd2 Ne8 14. Rad1 N8c7 15. f4 Nxd4 16. Bxd4 b6 17. Bxg7 Kxg7 18. e4 f6 {1-0 (27) Froewis,A (1978)-Stallinger,V (1453) Austria 2012}) 12. Qe2 a6 13. h3 {White is slightly better.} Ne6 14. Rfd1 Qa5 15. Rac1 Rfc8 16. a3 b5 17. b4 (17. cxb5 {feels hotter.} axb5 18. b4 Qa6 19. Nb3 Qb6 20. Na5) 17... Qb6 18. cxb5 (18. Nd5 {with more complications.} Nxd5 19. cxd5 Nxd4 20. Bxd4 Qd8 21. Bxg7 Kxg7 22. h4) 18... axb5 ({Black should play} 18... Nxd4 $1 $11 19. Rxd4 axb5) 19. Ncxb5 Rxc1 20. Rxc1 Bxb5 21. Nxb5 Qxb5 {[#]} 22. Rc8+ $1 {[%mdl 512]} Nf8 (22... Rxc8 23. Qxb5) 23. Qxb5 Rxb5 24. Bc6 Rb6 25. Bd4 Ra6 26. a4 Nd5 27. Bxg7 Kxg7 28. Bxd5 {aiming for b5.} Rxa4 $14 {[%mdl 4096] Endgame KRB-KRN} 29. b5 {Black must now prevent b6.} Rb4 30. Rb8 Ne6 31. b6 {Strongly threatening b7.} Nc5 32. b7 {White wants to play Re8.} e6 33. Bc6 Rb6 34. g4 {[%cal Bg3g4,Bg4g5][%mdl 32]} Kf6 35. f4 Na6 $2 {[%mdl 8192]} (35... d5 $11) 36. g5+ $18 Kf5 (36... Kg7 {might work better.} 37. Rc8 h6) 37. Ra8 ({Less strong is} 37. Rc8 e5 $18) 37... Rxc6 {[#]} 38. Rxa6 $1 {[%mdl 512]} Rc1+ (38... Rxa6 39. b8=Q) 39. Kf2 Rb1 40. Rxd6 Rxb7 $2 (40... f6 41. Kf3 Rf1+ 42. Ke2 Rb1) 41. Kf3 {[%csl Gf3][%cal Re3e4]} Rb3 {[#]} 42. Rb6 $1 {[%mdl 512] Precision: White = 66%, Black = 48%.} 1-0

[Event "IIFL Wealth  4th Mumbai Junior U-13"]
[Site "Mumbai"]
[Date "2019.01.05"]
[Round "7"]
[White "Gukesh D"]
[Black "Manish, Kumar"]
[Result "1-0"]
[WhiteElo "2466"]
[BlackElo "2132"]
[Annotator "TA"]
[PlyCount "83"]
[EventDate "2018.12.30"]
[EventType "swiss"]
[EventCountry "IND"]
[SourceTitle "playchess.com"]
[Source "ChessBase"]
[SourceQuality "1"]

{[%evp 19,83,41,62,35,35,27,46,20,41,0,23,3,14,25,27,14,18,6,86,49,95,96,100,108,104,111,104,98,102,99,93,81,106,114,43,29,22,23,30,0,14,19,19,14,21,17,16,14,16,16,33,14,295,295,513,513,511,459,506,499,464,445,29978,29979,29973,29974]} 1. Nf3 Nf6 2. g3 g6 3. b3 Bg7 4. Bb2 O-O 5. Bg2 d6 6. d4 c5 7. c4 cxd4 8. Nxd4 Nbd7 9. O-O Rb8 10. Nc3 Nc5 {LiveBook: 7 Games} 11. e3 {E65: King's Indian: Fianchetto: 6...c5 7 0-0 without d5 by White} (11. Qd2 Bd7 12. Rad1 a6 13. Rfe1 Qc7 14. e4 b5 15. b4 Na4 16. Nxa4 bxa4 17. a3 Rfd8 18. Rc1 e5 {1-0 (45) Xu,X (2574)-Wang,C (2495) Xinghua 2018}) 11... Bd7 $146 ({Predecessor:} 11... Ne6 12. Nce2 Qd7 13. Qd2 Ne8 14. Rad1 N8c7 15. f4 Nxd4 16. Bxd4 b6 17. Bxg7 Kxg7 18. e4 f6 {1-0 (27) Froewis,A (1978)-Stallinger,V (1453) Austria 2012}) 12. Qe2 a6 13. h3 {White is slightly better.} Ne6 14. Rfd1 Qa5 (14... b5 $5) 15. Rac1 Rfc8 16. a3 b5 17. b4 (17. cxb5 {looks sharper.} axb5 18. b4 Qa6 19. Nb3 Qb6 20. Kh2) 17... Qb6 $1 18. cxb5 (18. Nd5 {keeps more tension.} Nxd5 19. Bxd5 bxc4 20. Bxc4 Nxd4 21. Bxd4 Bxd4 22. exd4 Re8 23. Qf3) 18... axb5 (18... Nxd4 $1 $11 19. exd4 axb5) 19. Ncxb5 Rxc1 20. Rxc1 Bxb5 21. Nxb5 Qxb5 {[#]} 22. Rc8+ $1 {[%mdl 512]} Nf8 (22... Rxc8 23. Qxb5) 23. Qxb5 Rxb5 24. Bc6 Rb6 25. Bd4 Ra6 26. a4 Nd5 27. Bxg7 (27. Bxd5 {is more complex.} Rxa4 28. Rb8 Bxd4 29. exd4 Kg7 30. Bc6) 27... Kxg7 28. Bxd5 {Black must now prevent b5.} Rxa4 $14 {[%mdl 4096] Endgame KRB-KRN} 29. b5 Rb4 30. Rb8 Ne6 31. b6 {White wants to play b7.} Nc5 32. b7 e6 33. Bc6 Rb6 34. g4 {[%cal Bg3g4,Bg4g5][%mdl 32]} Kf6 35. f4 Na6 $2 {[%mdl 8192]} (35... h6 $11) 36. g5+ $18 Kf5 $2 (36... Kg7 {was necessary.} 37. Rc8 h6) 37. Ra8 Rxc6 {[#]} 38. Rxa6 $1 {[%mdl 512]} Rc1+ (38... Rxa6 39. b8=Q) 39. Kf2 Rb1 40. Rxd6 Rxb7 (40... f6 $18 41. Kf3 Rf1+ 42. Ke2 Rb1) 41. Kf3 {[%csl Gf3][%cal Re3e4]} Rb3 {[#]} 42. Rb6 $1 {[%mdl 512] Accuracy: White = 55%, Black = 47%.} 1-0

[Event "IIFL Wealth  4th Mumbai Junior U-13"]
[Site "Mumbai"]
[Date "2019.01.05"]
[Round "7"]
[White "Srihari L R"]
[Black "Manish Anto Cristiano F"]
[Result "0-1"]
[WhiteElo "2316"]
[BlackElo "2065"]
[Annotator "TA"]
[PlyCount "156"]
[EventDate "2018.12.30"]
[EventType "swiss"]
[EventCountry "IND"]
[SourceTitle "playchess.com"]
[Source "ChessBase"]
[SourceQuality "1"]

{[%evp 17,155,0,15,14,12,10,34,25,30,30,27,15,22,26,22,14,14,16,49,0,0,0,0,0,11,0,0,-43,-50,-54,-40,-65,-43,-47,-41,-53,-11,-66,0,0,0,-58,5,8,19,-123,-120,-124,-109,-106,-104,-94,-114,-102,-110,-197,-188,-170,-170,-197,-190,-197,-192,-189,-180,-270,-270,-272,-270,-268,-279,-300,-300,-294,-294,-379,-377,-375,-373,-373,-350,-534,-528,-484,-364,-436,-436,-430,-421,-420,-402,-390,-340,-416,-416,-406,-369,-424,-414,-443,-463,-551,-537,-570,-520,-933,-902,-1169,-1168,-1496,-1350,-1423,-1414,-29984,-29985,-29985,-29986,-29990,-29989,-29989,-29986,-29988,-29989,-29989,-29989,-29989,-29990,-29991,-29992,-29992,-29992,-29994,-29995,-29996,-29997,-29997,-29997,-29998,-29999,-29999]} 1. Nf3 d5 2. c4 c6 3. b3 Bg4 4. Bb2 Nd7 5. g3 e6 6. Bg2 Ngf6 7. O-O Be7 8. d3 O-O 9. Nbd2 Qb8 {LiveBook: 5 Games. A12: English Opening: 1...c6 with b3 by White} 10. h3 Bh5 11. a3 $146 ({Predecessor:} 11. Re1 a5 12. Nf1 Re8 13. g4 Bg6 14. Nh4 a4 15. Nxg6 hxg6 16. Qc2 b5 17. Nd2 {½-½ (30) Morozevich,A (2741)-Vallejo Pons,F (2686) Monte Carlo 2005}) 11... e5 {The position is equal.} 12. cxd5 cxd5 13. Nh4 Rd8 14. g4 Bg6 $1 15. Nxg6 hxg6 16. b4 Nf8 17. e3 Ne6 18. Nf3 Nd7 19. Qb3 Qd6 $1 20. Nd2 Nb6 21. Nf3 Bf6 22. a4 d4 23. e4 Rac8 24. Rfc1 Nf4 {Threatens to win with ...Ne2+.} 25. Bf1 Be7 26. Ba3 Rxc1 27. Rxc1 ({White should play} 27. Bxc1 $11 g5 28. a5) 27... a5 (27... Nd7 $15) 28. Rc5 $11 Nd7 29. Rb5 (29. Rxa5 $11 b6 30. Ra6) 29... b6 ({Black should try} 29... Qf6 $15 30. Qd1 axb4) 30. Bc1 axb4 31. Bd2 (31. Bxf4 $1 $11 exf4 32. Qc4) 31... Qf6 $36 {[%mdl 2048] Strongly threatening ...Nxh3+! Black is on the roll.} 32. g5 {[#]} Nxh3+ $1 {[%mdl 512]} 33. Kg2 (33. Bxh3 Qxf3) 33... Nf4+ 34. Kg1 Qe6 35. Qxe6 Nxe6 ({And not} 35... fxe6 36. Nxe5 Nxe5 37. Rxe5 $14) 36. Bxb4 (36. Bh3 $17) 36... Bxb4 $19 ({Weaker is} 36... Nxg5 37. Nxg5 Bxg5 38. Bh3 $15) 37. Rxb4 Nf4 38. Nd2 Ra8 39. Nc4 Ra6 40. f3 f6 41. gxf6 (41. Rb5 {keeps fighting.}) 41... gxf6 42. Kh2 Kf7 43. Kg3 Ke7 44. Kh2 Kd8 45. Kg3 Kc7 46. Na3 Nc5 47. Nb5+ Kd8 48. Nxd4 Nh5+ 49. Kg4 (49. Kf2 {was necessary.} exd4 50. Rxd4+ Ke7 51. Rb4) 49... exd4 50. Rxd4+ Kc7 51. f4 {[#]} Nxf4 $1 {[%mdl 512]} 52. Rc4 (52. Kxf4 Ne6+) 52... Nfe6 53. d4 Rxa4 54. dxc5 Nxc5 {[%mdl 4096] Endgame KRB-KRN} 55. Rc2 Rxe4+ 56. Kf3 Rh4 57. Ra2 g5 58. Kg3 f5 {[%cal Bf6f5,Bf5f4][%mdl 32]} 59. Ra7+ Kd6 60. Rg7 f4+ 61. Kf3 (61. Kg2 $142 Rg4+ 62. Kh2) 61... Ne6 62. Rg6 Ke5 63. Bc4 Nd4+ 64. Kf2 g4 65. Rxb6 Rh2+ {Black mates.} 66. Kf1 g3 67. Ra6 Rf2+ 68. Ke1 Nf3+ 69. Kd1 g2 70. Rg6 g1=Q+ 71. Rxg1 Nxg1 72. Ba6 Kd4 73. Ke1 Ke3 74. Bb7 Rb2 {[%cal Rb2b1]} 75. Kf1 Rxb7 76. Kxg1 f3 77. Kh1 Kf2 {[%cal Rb7h7]} 78. Kh2 Rh7# {Accuracy: White = 40%, Black = 77%.} 0-1

[Event "IIFL Wealth  4th Mumbai Junior U-13"]
[Site "Mumbai"]
[Date "2019.01.05"]
[Round "7"]
[White "Aaryan Varshney"]
[Black "Nikhil Magizhnan"]
[Result "1/2-1/2"]
[WhiteElo "2200"]
[BlackElo "2148"]
[Annotator "TA"]
[PlyCount "102"]
[EventDate "2018.12.30"]
[EventType "swiss"]
[EventCountry "IND"]
[SourceTitle "playchess.com"]
[Source "ChessBase"]
[SourceQuality "1"]

{[%evp 28,102,56,48,61,30,71,26,14,13,22,18,10,10,21,6,20,-9,2,17,34,47,27,28,51,0,30,-29,-28,-34,-32,-31,-31,-53,-25,-102,-39,-38,-13,-12,-12,-89,-83,-80,-35,-85,-90,-157,0,0,22,0,0,0,38,52,272,46,46,47,46,45,42,22,41,0,0,0,0,0,0,0,0,0,0,0,0]} 1. d4 Nf6 2. Nf3 e6 3. c4 d5 4. Nc3 Bb4 5. cxd5 exd5 6. Bg5 O-O 7. e3 Be7 8. Bd3 c6 9. Qc2 h6 10. Bh4 Re8 11. O-O Nbd7 12. Bg3 Nf8 13. Rab1 Bd6 14. Bxd6 Qxd6 15. b4 {[%cal Bb2b4,Bb4b5][%mdl 32] LiveBook: 6 Games. D36: Queen's Gambit Declined: Exchange Variation: Main line (5 Bg5 c6 6 Qc2)} Be6 (15... Ne6 16. Ne5 a5 17. a3 axb4 18. axb4 b6 19. f4 c5 20. Bb5 Bd7 21. Bxd7 Nxd7 22. bxc5 bxc5 {1-0 (50) Sopur,L (2403)-Wandzik,W (2417) Pokrzywna 2018}) 16. b5 Bg4 $146 ({Predecessor:} 16... c5 17. dxc5 Qxc5 18. Ne2 Qxc2 19. Bxc2 Rec8 20. Rfc1 Ne4 21. Rb4 Nd6 22. Nfd4 Rc4 23. Rxc4 Nxc4 24. Bb3 Rc8 25. e4 Rd8 26. exd5 {1-0 (25) Sabrowski,U (2106)-Fuhr,M (1853) Berlin 2018}) 17. Nd2 {[%cal Bf3d2,Bd2b3,Bb3d4,Bd4f5][%mdl 32] White is better.} c5 18. dxc5 Qxc5 19. Nb3 Qd6 20. h3 Bh5 21. Nd4 Ne6 22. Nf5 Qd7 (22... Qe5 {feels hotter.} 23. Ne2 Bxe2 24. Qxe2 Nf4 25. Qc2 Nxd3 26. Qxd3 Ne4) 23. Ng3 d4 24. Nce4 Nxe4 25. Bxe4 Rac8 26. Qb2 (26. Qd3 $14 Rc3 27. Qd2) 26... Rc5 27. Bf5 (27. Nxh5 $142 Rxh5 28. Rfd1) 27... dxe3 28. fxe3 Bg6 $36 {[%mdl 2048] Black is more active.} 29. Bxg6 fxg6 30. Qb3 Qd5 31. Rfd1 {[#]} (31. Qxd5 $11 Rxd5 32. Rfd1) 31... Qxb3 (31... Qe5 $1 $17 {[%cal Re5g3]} 32. Nf1 Kh7) 32. Rxb3 $15 Rc2 33. Ra3 $1 Nc5 34. Rxa7 (34. Kh2 $11 {keeps the balance.}) 34... Rxe3 $17 35. Kh2 Ne6 {And now ...Nf4 would win.} 36. Ra8+ ({Of course not} 36. Rxb7 Nf4 $17) 36... Kh7 37. Rf1 (37. Ra4 $142) 37... g5 $2 (37... Nd4 $17 38. Raf8 Rxa2) 38. Re8 $1 $11 Rcc3 39. Nf5 Re2 {White should prevent ...Rcc2.} 40. Ng3 Ree3 41. Rf7 Nd4 $2 {[#]} (41... b6 $14) 42. Rxe3 $2 (42. Ne4 $1 $18) 42... Rxe3 $14 43. Rxb7 $18 {[%mdl 4096] Endgame Strongly threatening b6. KRN-KRN} Ra3 $1 44. Nh5 Rxa2 45. Rxg7+ Kh8 46. Rb7 Nf3+ $1 {The position is equal.} 47. Kg3 {Intending Nf6 and mate.} Nh4 $1 {[%csl Gh4][%cal Ra2g2]} 48. Kg4 {White wants to mate with Nf6.} Ra4+ $1 49. Kg3 {aiming for Nf6.} Ra2 $1 {[%csl Gh4][%cal Ra2g2]} 50. Kg4 {Threatening mate with Nf6.} Ra4+ $1 51. Kg3 {Nf6 is the strong threat.} Ra2 $1 {Accuracy: White = 33%, Black = 50%.} 1/2-1/2

[Event "IIFL Wealth  4th Mumbai Junior U-13"]
[Site "Mumbai"]
[Date "2019.01.05"]
[Round "7"]
[White "Ayush Sharma"]
[Black "Pranav, V."]
[Result "1-0"]
[WhiteElo "1979"]
[BlackElo "2318"]
[Annotator "TA"]
[PlyCount "119"]
[EventDate "2018.12.30"]
[EventType "swiss"]
[EventCountry "IND"]
[SourceTitle "playchess.com"]
[Source "ChessBase"]
[SourceQuality "1"]

{[%evp 19,118,30,45,-15,0,-2,61,8,23,6,17,5,23,0,52,-94,-89,-103,-124,-272,-289,-286,-272,-288,-50,-110,-110,-131,-118,-136,-130,-160,-122,-157,-154,-161,-138,-131,-131,-240,-213,-381,-279,-459,0,0,0,8,8,9,43,43,36,36,43,42,31,32,123,139,163,204,181,283,287,281,275,281,365,332,379,351,460,457,474,489,659,614,552,568,547,535,735,675,735,735,12836,12786,6985,29944,5842,5842,29993,29986,29992,29993,29996,29997,29998,29999,29999]} 1. e4 e5 2. Nf3 Nc6 3. Bb5 a6 4. Ba4 d6 5. O-O Bd7 6. c3 g6 7. d4 Bg7 8. Bg5 f6 9. Be3 Nh6 10. d5 {C76: Ruy Lopez: Deferred Steinitz: 5 c3 Bd7 6 d4 g6} (10. Bb3 Qe7 11. Bd5 Nd8 12. dxe5 dxe5 13. h3 Nhf7 14. Nbd2 Be6 15. Qa4+ Qd7 16. Qxd7+ Kxd7 17. Rad1 Bxd5 {0-1 (52) Fedoseev,V (2718)-Mamedyarov,S (2799) Riadh 2017}) 10... Ne7 {LiveBook: 6 Games} 11. Bc2 $146 (11. Bxd7+ $14 Qxd7 12. c4) ({Predecessor:} 11. Bxd7+ Qxd7 12. c4 O-O 13. Nc3 Nf7 14. Nd2 f5 15. f3 Bh6 16. Qe2 Bxe3+ 17. Qxe3 f4 {0-1 (41) Perske,T (2383)-Edouard,R (2639) Biel 2016}) 11... Ng4 12. Bd2 {The position is equal.} h5 (12... f5 $11) 13. h3 (13. c4 $14) 13... Nh6 $1 $11 14. c4 Nf7 15. Nc3 g5 16. Nh2 Ng6 (16... g4 $11) 17. Ne2 (17. Ba4 $14 {keeps the upper hand.}) 17... g4 $17 18. hxg4 hxg4 19. Ng3 {[#]} (19. f3 $17) 19... f5 $1 $19 {[%mdl 512]} 20. exf5 Qh4 $1 {[%csl Gh8][%cal Rh4h2]} 21. Nxg4 {[#]} Ne7 $2 (21... Nf4 $1 $19 {...Nh6 is the strong threat.} 22. Re1 O-O-O) 22. Re1 {[#]} ({White should try} 22. Qf3 $15) 22... Nxf5 $1 $40 {[%mdl 128] aiming for ...Nd4. Black has strong attack.} 23. Re4 (23. Bxf5 $2 Bxf5 24. Nh6 Nxh6 $19) 23... Nxg3 24. fxg3 Qh5 25. Nf2 Qh2+ 26. Kf1 O-O-O {Threatens to win with ...Rdf8.} 27. a4 Qxg3 {Hoping for ...Bh6.} 28. Ra3 Qh2 29. Rf3 (29. Rg4 $17 Rdg8 30. Rh3 Rxh3 31. gxh3) 29... Rdf8 $19 30. b4 $2 (30. g4) 30... Nh6 31. c5 $2 (31. Ree3 {was necessary.}) 31... Nf5 $2 (31... Rxf3 $19 32. Qxf3 Rf8) 32. Rg4 $11 Nd4 33. Rxg7 {And now Rh7 would win.} Nxf3 34. gxf3 {Threatening Be4.} Rhg8 (34... Bh3+ $5 35. Ke2 (35. Ke1 Rfg8 $11) 35... Bg2 $11) 35. Rxg8 Rxg8 36. Ke2 Rg1 37. Be1 $1 Qg2 38. Qd2 e4 (38... Kb8 $14) 39. fxe4 $16 Bg4+ 40. Ke3 ({But not} 40. Kd3 $6 Qf1+ 41. Kc3 Bf3 $16) 40... Qg3+ 41. Kd4 Qe5+ 42. Kc4 Bh5 43. Qc3 Qe7 44. Qh8+ Be8 45. Bc3 Rc1 46. Kb3 Kb8 47. Bd4 Qf7 48. cxd6 cxd6 49. Nd3 Rf1 50. a5 Qe7 51. e5 {[%cal Be4e5,Be5d6][%mdl 32]} Rf8 52. Qh6 Bf7 53. exd6 Bxd5+ 54. Kb2 Qd8 {[#]} 55. d7 $1 {Qd6+ would kill now.} Rf7 (55... Qxd7 56. Qxf8+) 56. Ne5 {White mates.} Rxd7 57. Nxd7+ Qxd7 58. Qf8+ Kc7 59. Bb6+ Kc6 60. Ba4# {Accuracy: White = 49%, Black = 42%.} 1-0

[Event "IIFL Wealth  4th Mumbai Junior U-13"]
[Site "Mumbai"]
[Date "2019.01.05"]
[Round "7"]
[White "Shah Jeet"]
[Black "Bhagyashree Patil"]
[Result "1-0"]
[WhiteElo "1904"]
[BlackElo "1758"]
[Annotator "NA RC"]
[PlyCount "115"]
[EventDate "2018.12.30"]
[EventType "swiss"]
[EventCountry "IND"]
[SourceTitle "playchess.com"]
[Source "ChessBase"]
[SourceQuality "1"]
[TimeControl "40/5400+30:1800+30"]

1. e4 {[%emt 0:00:00]} e5 {[%emt 0:00:46]} 2. Nf3 {[%emt 0:00:16]} Nc6 {[%emt 0:00:08]} 3. Bc4 {[%emt 0:00:16]} Bc5 {[%emt 0:01:17]} 4. c3 {[%emt 0:02:05]} Nf6 {[%emt 0:00:12]} 5. d3 {[%emt 0:00:04]} d6 {[%emt 0:01:41]} 6. Bb3 {[%emt 0:01:07]} Bb6 {[%emt 0:03:26]} 7. Nbd2 {[%emt 0:06:15] C54: Giuoco Piano: 4 c3 Nf6, main lines with 5 d4 and 5 d3} (7. a4 a6 8. Na3 Ne7 9. a5 Ba7 10. Bg5 Ng6 11. Nh4 Nxh4 12. Bxh4 h6 13. Nc2 Qe7 14. Qe2 c6 {0-1 (84) Rapport,R (2707)-Ma,Q (2637) China 2017}) 7... a6 {[%emt 0:04:12]} 8. O-O {[%emt 0:08:33]} O-O {[%emt 0:00:11]} 9. Nc4 {[%emt 0:02:32]} Ba7 {[%emt 0:02:21]} 10. Bg5 {[%emt 0:02:13] LiveBook: 4 Games} h6 {[%emt 0:14:43]} 11. Bh4 {[%emt 0:01:22]} Ne7 {[%emt 0:03:26]} 12. Bxf6 $1 {[%emt 0:05:43]} gxf6 {[%emt 0:00:02]} 13. Nh4 {[%emt 0:00:20]} Kh7 $146 {[%emt 0:15:05]} ({Predecessor:} 13... f5 14. Qh5 fxe4 15. Qxh6 exd3 16. Rae1 Nf5 17. Nxf5 Bxf5 18. Ne3 Bxe3 19. Rxe3 d5 20. Rxe5 Bg6 21. Rxd5 Qf6 22. Rg5 {1-0 (21) Bojkov,D (2542)-Stjazhkina,O (2240) Groningen 2010}) 14. Ne3 {[%emt 0:03:19]} c6 {[%emt 0:07:12]} 15. Qf3 {[%emt 0:26:31]} ({White should play} 15. Qh5 $18) 15... Ng6 {[%emt 0:06:24]} (15... f5 $16) 16. Nhf5 {[%emt 0:03:31]} Ne7 {[%emt 0:04:04]} 17. Ng3 {[%emt 0:18:30]} Ng6 {[%emt 0:03:20]} 18. Nh5 {[%emt 0:02:03]} Nh4 {[%emt 0:02:07] [#]} (18... f5 $16) 19. Qg3 $1 {[%emt 0:02:13]} ({And not} 19. Qxf6 Qxf6 20. Nxf6+ Kg6 $17) 19... Ng6 {[%emt 0:00:22]} 20. Nf5 {[%emt 0:00:58]} Be6 {[%emt 0:02:38]} 21. Qh3 {[%emt 0:00:50]} ({Worse is} 21. Bxe6 fxe6 22. Nh4 Rg8 $11) 21... Rh8 {[%emt 0:02:28]} 22. Nhg3 {[%emt 0:08:51]} Qf8 {[%emt 0:01:26]} 23. Nh5 {[%emt 0:00:59]} Qd8 {[%emt 0:01:03]} 24. Bxe6 {[%emt 0:02:13]} fxe6 {[%emt 0:00:02]} 25. Nxh6 {[%emt 0:00:41]} Kxh6 {[%emt 0:00:49]} 26. Nf4+ {[%emt 0:00:01]} Kg7 {[%emt 0:00:17]} 27. Nxe6+ {[%emt 0:00:02]} Kf7 {[%emt 0:02:30]} 28. Nxd8+ {[%emt 0:00:10]} Raxd8 {[%emt 0:00:01]} 29. Qf3 {[%emt 0:01:00]} Rdg8 {[%emt 0:00:49]} 30. Qd1 {[%emt 0:01:11]} Rg7 {[%emt 0:01:27]} 31. Qb3+ {[%emt 0:00:27] Double Attack} Kf8 {[%emt 0:01:03]} 32. Qe6 {[%emt 0:00:14] Double Attack} Rf7 {[%emt 0:03:04]} 33. Qxd6+ {[%emt 0:00:24]} Kg7 {[%emt 0:00:01]} 34. g3 {[%emt 0:00:22]} Nf8 {[%emt 0:00:21]} 35. Kg2 {[%emt 0:01:03]} Rd7 {[%emt 0:01:27]} 36. Qb4 {[%emt 0:00:33]} Ne6 {[%emt 0:00:01]} 37. Rad1 {[%emt 0:00:35]} Rg8 {[%emt 0:00:13]} 38. Qc4 {[%emt 0:00:42]} Rd6 {[%emt 0:00:37]} 39. Qb4 {[%emt 0:00:35]} Rd7 {[%emt 0:00:02]} 40. Qb3 {[%emt 0:00:00]} Re7 {[%emt 0:00:00]} 41. Kf3 {[%emt 0:03:07]} Rd8 {[%emt 0:01:54]} 42. Ke2 {[%emt 0:00:15]} Nc5 {[%emt 0:00:28]} 43. Qc2 $18 {[%emt 0:00:14]} Kf7 {[%emt 0:01:01]} 44. h4 {[%emt 0:00:43]} Ne6 {[%emt 0:00:37]} 45. h5 {[%emt 0:01:03]} Rh8 {[%emt 0:00:15]} 46. Rh1 {[%emt 0:00:14]} Ke8 {[%emt 0:00:12]} 47. h6 {[%emt 0:00:14]} Reh7 {[%emt 0:00:11]} 48. Qd2 {[%emt 0:00:59]} Rd7 {[%emt 0:00:16]} 49. Rh5 {[%emt 0:00:47]} Nc5 {[%emt 0:00:38]} 50. Qe3 {[%emt 0:00:34]} b5 {[%emt 0:00:03]} 51. Qf3 {[%emt 0:00:14]} Rf7 {[%emt 0:00:29]} 52. Qf5 {[%emt 0:00:11]} Ke7 {[%emt 0:01:18]} 53. d4 {[%emt 0:00:46]} Ne6 {[%emt 0:00:06]} 54. d5 {[%emt 0:00:23]} cxd5 {[%emt 0:00:08]} 55. exd5 {[%emt 0:00:49]} Nc5 {[%emt 0:00:18]} 56. b4 {[%emt 0:00:22]} Nd7 {[%emt 0:00:58]} 57. Qe6+ {[%emt 0:00:22]} Kf8 {[%emt 0:00:01]} 58. Qxa6 {[%emt 0:00:05]} 1-0